000 00533nam a22001937a 4500
003 KOHA_MİRAKIL
005 20251117150616.0
008 251117b tu ||||| |||| 00| 0 tur d
020 _a9786053758648
040 _aTR-AnABB
_btur
_cTR-AnABB
041 _atur
082 _a813.41
_bDER 2018
100 1 _aDerviş, Suat,
245 1 0 _aKendine tapan kadın /
_cSuat Derviş
260 _aİstanbul :
_bİthaki Yayınları,
_c2018
300 _a361 sayfa ;
_c21 cm
650 0 4 _aTürk edebiyatı, roman
942 _2ddc
_cBK
999 _c9486
_d9486
900 _bGizem YORULMAZ